00989nam a22002657a 45000010005000000030006000050050017000110080041000280200018000690400029000870500015001160820013001311000027001442450117001712600041002883000066003295050009003955200123004045210029005275210021005566500054005776500035006316500023006667000034006899767FISKH20260212151456.0260212b cb ||||| |||| 00| 0 eng d a9780934140461 aFISKHbengcFISKHdFISKH aRA777 .R53 a613.0432 aRice , JuditheAuthor  aThose mean nasty dirty downright disgusting but--invisible germs /cBy Judith Rice : Illustrated by Reed Merrill aMinnesota :bRedleaf Press , c1989. a32 unnumbered pages : bcolor illustrations ; c21 X 21 cm .  aJ  aA little girl, who accumulates germs on her hands during her busy day, defeats them by washing her hands before meals.8 a500 bLexile estimate 8 aJ bRaz-Plus  aChildren-Health and hygienevJuvenile Literature  aBacteriavJuvenile Literature  aViruses vViruses  aMerrill , Reed eIllustrator